[Event "COL-chT rapid Online"]
[Site "Chess.com INT"]
[Date "2020.09.19"]
[Round "1.8"]
[White "Brito Carrascal, Isabela"]
[Black "Donado Orostegui, Valentina"]
[Result "1-0"]
[WhiteElo "1565"]
[BlackElo "1152"]
[PlyCount "91"]
[EventDate "2020.09.19"]
[EventType "team-tourn (rapid)"]
[EventRounds "5"]
[EventCountry "COL"]
[SourceTitle "CBM 198 Extra"]
[Source "ChessBase"]
[SourceDate "2020.11.30"]
[SourceVersion "1"]
[SourceVersionDate "2020.11.30"]
[SourceQuality "1"]
[WhiteTeam "Bolivar"]
[BlackTeam "Atlantico"]
[WhiteTeamCountry "COL"]
[BlackTeamCountry "COL"]

1. e4 e5 2. Nf3 Nc6 3. Bb5 d6 4. Bxc6+ bxc6 5. h3 Nf6 6. Nc3 Bd7 7. 0-0 g6 8. d4 exd4 9. Nxd4 c5 10. Nf3 Bg7 11. e5 dxe5 12. Nxe5 0-0 13. Re1 Re8 14. Bg5 Re7 15. Qf3 Re6 16. Nxd7 Rc8 17. Rxe6 Qxd7 18. Ree1 Ne8 19. Qd5 Qxd5 20. Nxd5 Kf8 21. Be7+ Kg8 22. Bxc5 Kh8 23. c3 a6 24. Rad1 h5 25. Bd4 f6 26. Ne7 Rd8 27. Nxg6+ Kh7 28. Ne7 Nd6 29. Nc6 Rd7 30. Re7 Rxe7 31. Nxe7 Nb5 32. a4 Nd6 33. Nd5 Ne8 34. Re1 c6 35. Rxe8 cxd5 36. Ra8 Kg6 37. Rxa6 Kf5 38. Rb6 h4 39. a5 Bh8 40. a6 Bg7 41. a7 Bh8 42. a8Q Bg7 43. Qc8+ Kg6 44. Qe6 Kg5 45. Qg4+ Kh6 46. Bxf6 1-0

[Event "Online Face to Face U14"]
[Site "www.grandesmaestros.club"]
[Date "2020.06.21"]
[Round "2.5"]
[White "Gonzalez Bolivar, Juan Jose"]
[Black "Donado Orostegui, Valentina"]
[Result "0-1"]
[WhiteElo "1282"]
[BlackElo "1152"]
[PlyCount "102"]
[EventDate "2020.06.21"]
[EventType "swiss (rapid)"]
[EventRounds "5"]
[EventCountry "COL"]
[SourceTitle "EXT 2024"]
[Source "ChessBase"]
[SourceDate "2023.10.10"]
[SourceVersion "1"]
[SourceVersionDate "2023.10.10"]
[SourceQuality "1"]

1. d4 d5 2. c4 dxc4 3. e4 b5 4. a4 c6 5. axb5 cxb5 6. Nc3 Bd7 7. Nf3 e6 8. Be2 Bb4 9. 0-0 Ne7 10. Bd2 a6 11. b3 Qc7 12. bxc4 bxc4 13. Rc1 Nbc6 14. Bxc4 0-0 15. Ne2 Bxd2 16. Qxd2 Qb7 17. Rb1 Qc7 18. Rfc1 Qa5 19. Qxa5 Nxa5 20. Bd3 Ra7 21. Ra1 Nb3 22. Rxa6 Rxa6 23. Bxa6 Nxc1 24. Nxc1 Ra8 25. Bb7 Ra1 26. h3 Rxc1+ 27. Kh2 Bc6 28. Bxc6 Nxc6 29. d5 exd5 30. exd5 Nd8 31. d6 Kf8 32. d7 Rd1 33. Ne5 Ke7 34. f4 f6 35. Nf3 Kxd7 36. g4 Rd3 37. Kg3 Ne6 38. h4 Nd4 39. Kf2 Rxf3+ 40. Kg2 Rxf4 41. Kg3 Rf3+ 42. Kg2 g5 43. h5 h6 44. Kh2 Kd6 45. Kg2 Ke5 46. Kh2 Kf4 47. Kg2 Rg3+ 48. Kh2 Rxg4 49. Kh3 Kf3 50. Kh2 Ne2 51. Kh3 Rh4# 0-1

[Event "Antioquia op"]
[Site "Antioquia"]
[Date "2020.03.06"]
[Round "6"]
[White "Quintero Jara, Ana Sofia"]
[Black "Donado Orostegui, Valentina"]
[Result "1/2-1/2"]
[WhiteElo "1434"]
[BlackElo "1218"]
[PlyCount "53"]
[EventDate "2020.03.03"]
[EventType "swiss"]
[EventRounds "9"]
[EventCountry "COL"]
[SourceTitle "CBM 195 Extra"]
[Source "ChessBase"]
[SourceDate "2020.05.31"]
[SourceVersion "1"]
[SourceVersionDate "2020.05.31"]
[SourceQuality "1"]

1. e4 e5 2. Nf3 Nc6 3. Bc4 Bc5 4. c3 Nf6 5. d3 d6 6. Nbd2 Be6 7. Bb3 Qd7 8. Nf1 h6 9. Ng3 0-0 10. 0-0 Bb6 11. h3 Rad8 12. Be3 d5 13. Bxb6 axb6 14. Ba4 Qd6 15. Re1 dxe4 16. dxe4 Qxd1 17. Rexd1 Rxd1+ 18. Bxd1 Nd7 19. Be2 f6 20. Nh4 Ra8 21. a3 Nc5 22. Nf3 Kf7 23. Nf5 Kg6 24. Ne3 Ne7 25. Bc4 Bxc4 26. Nxc4 Rd8 27. Re1 1/2-1/2